00537nam a2200181Ia 450000500170000000800410001708200190005810000210007710000200009824500400011826000410015830000180019965000100021765000120022794200060023995200950024599900150034020250305032548.0240331s9999 xx 000 0 und d bKAI21667a910 aKailasapathy, K  aKailasapathy, S 0aMakkal Ceenam:bKaatchiyum Karuthum aMadrasbPaattaalikal Veliyeeduc1979 aviii, 248 p., aChina aCulture cL 001040708LaWERCLbWERCLcSSCd2024-03-31l0o 910 KAIp1667r2024-03-31w2024-03-31yL c4227d4227